| 000 | 00560nam a22001697a 4500 | ||
|---|---|---|---|
| 003 | OSt | ||
| 005 | 20251211074734.0 | ||
| 008 | 251211b |||||||| |||| 00| 0 eng d | ||
| 020 | _a9788-1-4169-5019-6 | ||
| 040 |
_aDWCL - Main Lib _cOC |
||
| 082 | _aFic. D615s 2003 | ||
| 100 | _aDiterlizzi, Tony and Holly, Black | ||
| 245 |
_aThe spiderwick chronicles 3: _blucinda's secret / _cTony Diterlizzi and Black Holly |
||
| 260 |
_aNew York: _bSimon and Schuster books for young readers, _cc2003. |
||
| 300 |
_a108 p.: _bill.; _c18 cm. |
||
| 942 |
_2ddc _cFIC. _mFic. _n0 |
||
| 999 |
_c7048 _d7048 |
||